Fiscalidad internacional de rentas financieras (intereses, canones, seguro de vida, dividendos) /

Detalles Bibliográficos
Autor principal: Lucas Durǹ, Manuel
Otros Autores: Garca̕-Monc,̤ Alfonso M
Formato: Desconocido
Lenguaje:español
Publicado: Madrid : Editoriales de Derecho Reunidas, D.L. 2001
Colección:Cuadernos fiscales (Editoriales de Derecho Reunidas)
Materias:
Acceso en línea:Acceso restringido

MARC

LEADER 00000ny a22000003n 4500
005 20110607124150.0
008 020321s2001 sp s 000 0 spa c
017 |a D.L. D.L. M.18584-2001 
020 |a 8484940047 
035 |a 1663 
040 |a UMA.CEE  |d vLex 
040 |a UMA.RE  |d vLex 
090 |c 530  |d 530 
100 1 |a Lucas Durǹ, Manuel 
245 1 0 |a Fiscalidad internacional de rentas financieras  |h [Recurso electrn̤ico]  |b (intereses, canones, seguro de vida, dividendos) /  |c Manuel Lucas Durǹ ; prl̤go de Alfonso M. Garca̕-Monc̤ 
256 |a Servicio en ln̕ea 
260 |a Madrid :  |b Editoriales de Derecho Reunidas,  |c D.L. 2001 
300 |a 293 p. ;  |c 20 cm 
490 1 |a Cuadernos fiscales ;  |v 4 
504 |a Bibliogr.: p. 275-284 
506 1 |a Contenido solo disponible en los productos indicados  |d vLex Global  |d vLex Global (Academic Edition, excluding Law Schools)  |d vLex Global (U.S. Academic Edition, Law Schools)  |d vLex Global (U.S. Academic Edition, excluding Law Schools)  |d vLex Global (Academic Edition, Law Schools) 
650 0 7 |a Tributario  |2 Tesauro vLex 
650 0 7 |a Derecho internacional  |2 Tesauro vLex 
650 0 7 |a Civil  |2 Tesauro vLex 
650 0 7 |a Derecho fiscal  |2 Tesauro vLex 
650 0 7 |a Derecho internacional privado  |2 Tesauro vLex 
700 1 |a Garca̕-Monc,̤ Alfonso M 
740 0 |a vLex Libros (Servicios en ln̕ea) 
830 0 |a Cuadernos fiscales (Editoriales de Derecho Reunidas) 
856 4 0 |u http://vlex.com/source/1663  |z Acceso restringido 
942 |c BOOK 
999 0 |a International Law   |b Madrid